01071nam a22002537a 45000010005000000030006000050050017000110080041000280200018000690400029000870500016001160820010001321000015001422450043001572500045002002600037002453000042002825050008003245200390003325210020007225210020007426500022007627000033007845109FISKH20241106135149.0241106b cb ||||| |||| 00| 0 eng d a9781909489943 aFISKHbengcFISKHdFISKH aPZ7.S644648 a813.6 aSmith, Dan aThe hunt is on big game /cby Dn Smith aFirst Published in Great Britain in 2015 aFrome :bChicken House ; c2015. a267 pages :billustrations ;c21 cm . aU  a13-year-old Oskari is sent into the cold wilderness on an ancient test of manhood. He must survive armed only with a bow and arrow. But instead, he stumbles upon an escape pod from a burning airliner: Air Force One. Terrorists have shot down the President of the United States. The boy hunter and the world's most powerful man are suddenly the hunted, in a race against a deadly enemy.8 a830 bLexile 8 aU bRaz-Plus  asurvivalvfiction aWells, Steve eBook designer